| 000 | 00000nam##2200000za#4500 |
| 001 | 9.650251 |
| 003 | CaOODSP |
| 005 | 20210615114226 |
| 007 | ta |
| 008 | 150407|2006||||xxc||||| f|0| 0 eng|d |
| 020 | |a0-662-43871-X |
| 040 | |aCaOODSP|beng |
| 043 | |an-cn--- |
| 086 | 1 |aT46-18/2006E |
| 110 | 1 |aCanada.|bTransport Canada. |bRoad Safety. |
| 245 | 10|aRiding on air : |bcritical safety and environmental information for you and your tires |
| 260 | |aOttawa - Ontario : |bTransport Canada. |cRevised 2006, c1989. |
| 300 | |a[15]p. : |bphotographs ; |c23 cm. |
| 520 | 3 |aRiding on Air is a Transport Canada document that outlines critical safety information for you and your tires. Not only is proper tire inflation critical to the safe operation of your vehicle, but it also improves fuel economy. |
| 563 | |aSoftcover |
| 590 | |a07-18|b2007-05-04 |
| 690 | 07|aRoad safety|2gcpds |
| 690 | 07|aAutomobiles|2gcpds |
| 690 | 07|aMaintenance|2gcpds |
| 775 | 08|tRouler sur l'air : |w(CaOODSP)9.683371 |
| 776 | 0#|tRiding on air |w(CaOODSP)9.688714 |
| 986 | |aTP 2823E |